000 00846nam a2200229Ia 4500
001 6281
003 GE_BSU
008 181216s||||||||xx |||||||||||||| ||und||
040 _cGE_BSU
080 _a547(076.5)
100 _aიურევი,ი.კ.
245 _aპრაქტიკული სამუშაოები ორგანულ ქიმიაში. პირველი ნაწილი.
245 _bსახელმძღვ.
245 _cრედ.ი.გვერდწითელი.
260 _aთბ.
260 _bუნ-ტის გამ-ბა.
260 _c1969.
300 _a705გვ;22სმ.
653 _aორგანული ქიმია.
653 _aპრაქტიკული სამუშაოები ორგანულ ქიმიაში.
942 _cBK
999 _c39678
_d39678